000 00287nam a22001217a 4500
999 _c12780
_d12780
020 _a9789382127956
082 _a574.192
100 _aDr.Chawla Rajinder & Dr.chawla Neena
245 _aObjective Biochemistry
260 _aIndia
_bAne Books
_c2014
300 _a438 pages
942 _cBK